Натур-философия: лекции читанные в Лейпцигском университете

Bibliografske podrobnosti
Glavni avtor: Оствальд В. Ф. Вильгельм Фридрих
Drugi avtorji: Котляр Г. А. (переводчик), Филиппов М. М. (редактор)
Izvleček:На дополнительном титульном листе надпись: И. Цибарт. Посвящается Эрнсту Маху
На титульном листе штамп с надписью: профессор СТИ Василий Иванович Шумилов
Владельческий тканевый переплет. На корешке снизу буквы: И. И.
Jezik:ruščina
Izdano: Москва, Издание книжного слада Д. П. Ефимова, 1904
Teme:
Format: Knjiga
KOHA link:https://koha.lib.tpu.ru/cgi-bin/koha/opac-detail.pl?biblionumber=334780

MARC

LEADER 00000nam0a2200000 4500
001 334780
005 20231102004704.0
035 |a (RuTPU)RU\TPU\book\361073 
090 |a 334780 
100 |a 20170905d1904 m y0rusy50 ca 
101 1 |a rus 
102 |a RU 
105 |a y z 000zy 
200 1 |a Натур-философия  |e лекции читанные в Лейпцигском университете  |f В. Ф. Оствальд  |g пер. Г. А. Котляра ; под ред. М. М. Филиппова 
210 |a Москва  |c Издание книжного слада Д. П. Ефимова  |d 1904 
215 |a 334, IV с. 
300 |a На дополнительном титульном листе надпись: И. Цибарт. Посвящается Эрнсту Маху 
300 |a На титульном листе штамп с надписью: профессор СТИ Василий Иванович Шумилов 
300 |a Владельческий тканевый переплет. На корешке снизу буквы: И. И. 
606 |a Немецкая философия  |2 stltpush  |3 (RuTPU)RU\TPU\subj\45370  |9 64614 
610 1 |a немецкая философия 
610 1 |a опыт 
610 1 |a умозаключения 
610 1 |a речь 
610 1 |a части речи 
610 1 |a чувственные впечатления 
610 1 |a ощущения 
610 1 |a многообразия 
610 1 |a пространство 
610 1 |a время 
610 1 |a субстанция 
610 1 |a эфир 
610 1 |a материя 
610 1 |a жидкости 
610 1 |a теплота 
610 1 |a закон причинности 
610 1 |a жизнь 
610 1 |a раздражимость 
610 1 |a память 
610 1 |a органы чувств 
610 1 |a духовная жизнь 
610 1 |a сознание 
610 1 |a воля 
610 1 |a красота 
610 1 |a добро 
610 1 |a натур-философия 
686 |a Ю3(4Г)  |v LBC/SL-A  |2 rubbk 
700 1 |a Оствальд  |b В. Ф.  |c немецкий физикохимик  |c философ  |c Нобелевский лауреат  |f 1853-1932  |g Вильгельм Фридрих  |2 stltpush  |3 (RuTPU)RU\TPU\pers\7114  |9 1306 
702 1 |a Котляр  |b Г. А.  |4 730 
702 1 |a Филиппов  |b М. М.  |4 340 
801 1 |a RU  |b 63413507  |c 20170905 
801 2 |a RU  |b 63413507  |c 20170905  |g RCR 
942 |c BK